Organizational responses of public sector clients in Canada to the implementation of value management: lessons for the UK construction industry (Record no. 21099)

MARC details
000 -LEADER
fixed length control field 00906cab a2200205 4500
001 - CONTROL NUMBER
control field ABS41651
008 - FIXED-LENGTH DATA ELEMENTS--GENERAL INFORMATION
fixed length control field 090401t1989 xxu||||| |||| 00| 0 eng d
035 ## - SYSTEM CONTROL NUMBER
System control number (Sirsi) u31424
041 ## - LANGUAGE CODE
Language code of text/sound track or separate title eng
100 ## - MAIN ENTRY--PERSONAL NAME
Personal name Male, S.
245 ## - TITLE STATEMENT
Title Organizational responses of public sector clients in Canada to the implementation of value management: lessons for the UK construction industry
260 ## - PUBLICATION, DISTRIBUTION, ETC.
Date of publication, distribution, etc. 1989
350 ## - PRICE (NR) (BK AM CF MU VM SE) [OBSOLETE]
Price 0
490 ## - SERIES STATEMENT
Series statement Construction Management & Economics
Volume/sequential designation 1989 7, 203-216(14)
520 ## - SUMMARY, ETC.
Summary, etc. This paper briefly reviews the historical development of value management in North America and describes its implementation by two public sector agencies in Canada . Concludes with a discussion of the implications of the lessons learned from these two case studies for the UK building industry . References.
690 ## - LOCAL SUBJECT ADDED ENTRY--TOPICAL TERM (OCLC, RLIN)
Topical term or geographic name as entry element BUILT ENVIRONMENT
700 ## - ADDED ENTRY--PERSONAL NAME
Personal name Kelly, J.
942 ## - ADDED ENTRY ELEMENTS (KOHA)
Suppress in OPAC 0
948 ## - LOCAL PROCESSING INFORMATION (OCLC); SERIES PART DESIGNATOR (RLIN)
c (OCLC) 04/03/1997
Holdings
Withdrawn status Lost status Source of classification or shelving scheme Damaged status Not for loan Home library Current library Shelving location Date acquired Total Checkouts Full call number Barcode Date last seen Copy number Price effective from Koha item type
    Dewey Decimal Classification     London London Journal article 14/09/1999   ABS41651 31424-1001 06/08/2019 1 06/08/2019 Journal article